000 01050nam2a22002771 4500
001 RU\NLR\INFOCOMM21\5000019866
005 20250806204351.0
035 _a(NLR Aleph) 002361087
090 _a56754
_c56754
100 _a20041126d1943 u y0rusy50 ca
101 0 _arus
102 _aRU
105 _ay ||||000|y
200 1 _aСистемы бензопитания самолетов Юнкерс Ju-88, Хейнкель Не-100, Мессершмитт Ме-109, Мессершмитт Ме-110
_fВ.П. Русаков
210 _d1943
461 0 _1001RU\NLR\INFOCOMM21\5000019772
_12001#$aТехническое описание$fНар. ком. авиац. пром-сти. ЦАГИ. Бюро новой техники$v№127
700 1 _aРусаков
_bВ.П.
_4070
801 1 _aRU
_bInfoComm
_c20041126
801 0 _aRU
_bNLR
_gPSBO
852 _aNLR
_bТ92
_jГ-8/7
942 _cISSUE
945 _aРоссийская национальная библиотека
980 _aNB
980 _aBV
980 _aRUSPER